[Event "Cheliabinsk Lozovatsky Memorial-A"]
[Site "Cheliabinsk"]
[Date "2023.02.05"]
[Round "10"]
[White "Orozbaev, Eldiar"]
[Black "Amirdzhanyan, Vladimir"]
[Result "1/2-1/2"]
[WhiteElo "2266"]
[BlackElo "2118"]
[PlyCount "91"]
[EventDate "2023.01.27"]
[EventType "swiss"]
[EventRounds "10"]
[EventCountry "RUS"]
[SourceTitle "CBM 212 Extra"]
[Source "ChessBase"]
[SourceDate "2023.03.31"]
[SourceVersion "1"]
[SourceVersionDate "2023.03.31"]
[SourceQuality "1"]

1. e4 c6 2. d4 d5 3. f3 dxe4 4. fxe4 e5 5. Nf3 exd4 6. Bc4 Nd7 7. Qxd4 Qb6 8. Be3 Qxd4 9. Bxd4 b5 10. Bb3 Bb7 11. Ng5 Nh6 12. 0-0 f6 13. Ne6 c5 14. Bf2 c4 15. Nc7+ Kd8 16. Nxa8 Bxa8 17. Nc3 a6 18. a4 b4 19. Bxc4 bxc3 20. bxc3 Bc5 21. Bxa6 Bxf2+ 22. Rxf2 Kc7 23. Bc4 Nc5 24. Bd5 Nxe4 25. Bxa8 Rxa8 26. Rff1 Nf7 27. a5 Ra6 28. Rfe1 Nfd6 29. g4 g6 30. Kg2 Kb7 31. Kf3 Nd2+ 32. Kg3 Rc6 33. a6+ Rxa6 34. Re7+ Kb6 35. Rxa6+ Kxa6 36. Rxh7 g5 37. Kf2 N2c4 38. Re7 Kb5 39. Re6 Kc5 40. Kg1 Ne5 41. Rxf6 Nxg4 42. Rf8 Ne5 43. Kf2 Kd5 44. Rg8 Ne4+ 45. Ke3 Ng4+ 46. Ke2 1/2-1/2

[Event "Cheliabinsk Lozovatsky Memorial-A"]
[Site "Cheliabinsk"]
[Date "2023.02.03"]
[Round "8"]
[White "Mamedov, Edgar"]
[Black "Amirdzhanyan, Vladimir"]
[Result "1/2-1/2"]
[WhiteElo "2281"]
[BlackElo "2118"]
[PlyCount "98"]
[EventDate "2023.01.27"]
[EventType "swiss"]
[EventRounds "10"]
[EventCountry "RUS"]
[SourceTitle "CBM 212 Extra"]
[Source "ChessBase"]
[SourceDate "2023.03.31"]
[SourceVersion "1"]
[SourceVersionDate "2023.03.31"]
[SourceQuality "1"]

1. d4 Nf6 2. c4 e6 3. Nf3 d5 4. Nc3 Bb4 5. Qa4+ Nc6 6. a3 Bxc3+ 7. bxc3 Bd7 8. cxd5 exd5 9. Qc2 0-0 10. Bg5 h6 11. Bh4 Re8 12. e3 Bg4 13. Bd3 Qd6 14. Bg3 Qe7 15. 0-0 Ne4 16. Nd2 Nxg3 17. hxg3 Rad8 18. Qb2 Na5 19. Rac1 b6 20. c4 c5 21. cxd5 Rxd5 22. Be4 Rdd8 23. Bf3 Bxf3 24. Nxf3 Rc8 25. dxc5 Rxc5 26. Rxc5 Qxc5 27. Rc1 Nc4 28. Qb3 Rc8 29. a4 a6 30. Nd4 Qd5 31. g4 g6 32. Qd3 Rc5 33. Rb1 b5 34. axb5 axb5 35. Qe2 Nd6 36. f3 Rc3 37. Nxb5 Nxb5 38. Rxb5 Rc1+ 39. Kh2 Qd6+ 40. f4 Rc5 41. Rxc5 Qxc5 42. Qd2 Qe7 43. Kh3 Qe6 44. Kg3 Kh7 45. Qd4 Qe7 46. Qe5 Qb4 47. Kh2 Kg8 48. Kh3 Qe1 49. f5 g5 1/2-1/2

[Event "Cheliabinsk Panchenko Memorial op-A"]
[Site "Cheliabinsk"]
[Date "2022.09.19"]
[Round "8"]
[White "Amirdzhanyan, Vladimir"]
[Black "Zemlyanskii, Ivan"]
[Result "1-0"]
[WhiteElo "2113"]
[BlackElo "2240"]
[PlyCount "163"]
[EventDate "2022.09.12"]
[EventType "swiss"]
[EventRounds "10"]
[EventCountry "RUS"]
[SourceTitle "CBM 210 Extra"]
[Source "ChessBase"]
[SourceDate "2022.11.30"]
[SourceVersion "1"]
[SourceVersionDate "2022.11.30"]
[SourceQuality "1"]

1. d4 Nf6 2. c4 e6 3. g3 Bb4+ 4. Nd2 c5 5. a3 Bxd2+ 6. Qxd2 Nc6 7. dxc5 Ne4 8. Qc2 Qa5+ 9. Bd2 Nxd2 10. Qxd2 Qxc5 11. Rc1 a5 12. Bg2 Qd4 13. Nf3 Qxd2+ 14. Nxd2 a4 15. c5 Ke7 16. Nc4 Ra6 17. e3 Rd8 18. 0-0 b5 19. Nd6 Ra5 20. Rfd1 Na7 21. Bb7 Rf8 22. c6 dxc6 23. Nxc8+ Nxc8 24. Rxc6 Na7 25. Rc7+ Kf6 26. Rdd7 g5 27. g4 b4 28. axb4 Re5 29. Ba6 Nb5 30. Rb7 a3 31. bxa3 Nxa3 32. Bd3 Rd5 33. Rxd5 exd5 34. Ra7 Nc4 35. Bxc4 dxc4 36. Rc7 Ra8 37. Rxc4 Ra1+ 38. Kg2 Rb1 39. Rc6+ Kg7 40. Rb6 Rb2 41. Kg3 h6 42. h3 Kh7 43. Rb7 Kg7 44. f4 Rb3 45. Kf3 gxf4 46. Kxf4 Rb1 47. Rb5 Kg6 48. Rb6+ f6 49. h4 Rf1+ 50. Kg3 Rg1+ 51. Kf3 Rf1+ 52. Kg2 Rb1 53. Rb5 Kf7 54. h5 Ke6 55. Kf3 Rf1+ 56. Ke4 Rg1 57. Rb6+ Kf7 58. Kf3 Rf1+ 59. Kg2 Rb1 60. b5 Rb2+ 61. Kf3 Rb4 62. Rb8 Rb1 63. b6 Rb4 64. e4 Rb1 65. Ke3 Rb4 66. Kd3 Kg7 67. Rb7+ Kg8 68. Kc3 Rb1 69. Kc4 Kf8 70. Kd5 Rb4 71. Kc5 Rxe4 72. Rc7 Re5+ 73. Kc6 Re6+ 74. Kb5 Re5+ 75. Rc5 Re1 76. Rc8+ Ke7 77. b7 Rb1+ 78. Kc6 Rc1+ 79. Kd5 Rd1+ 80. Ke4 Re1+ 81. Kf3 Rf1+ 82. Kg2 1-0

[Event "Cheliabinsk Panchenko Memorial op-A"]
[Site "Cheliabinsk"]
[Date "2022.09.16"]
[Round "5"]
[White "Simbelov, Roman T"]
[Black "Amirdzhanyan, Vladimir"]
[Result "0-1"]
[WhiteElo "2063"]
[BlackElo "2113"]
[PlyCount "154"]
[EventDate "2022.09.12"]
[EventType "swiss"]
[EventRounds "10"]
[EventCountry "RUS"]
[SourceTitle "CBM 210 Extra"]
[Source "ChessBase"]
[SourceDate "2022.11.30"]
[SourceVersion "1"]
[SourceVersionDate "2022.11.30"]
[SourceQuality "1"]

1. e4 e5 2. Nf3 Nc6 3. Bc4 Bc5 4. d3 Nf6 5. Nbd2 d6 6. c3 a6 7. Bb3 0-0 8. 0-0 h6 9. h3 Be6 10. Bc2 Ba7 11. Re1 Re8 12. Nf1 d5 13. Qe2 Qd7 14. Ng3 Rad8 15. Be3 Bxe3 16. Qxe3 d4 17. Qd2 Qd6 18. Nh4 Ne7 19. cxd4 Qxd4 20. Nf3 Qd6 21. d4 Ng6 22. Qa5 exd4 23. e5 Qd5 24. Qxd5 Nxd5 25. Bxg6 fxg6 26. Nxd4 Bc8 27. Re4 Nb4 28. Rc1 c6 29. f4 Nd3 30. Rc3 Nxb2 31. Nf1 Na4 32. Rc1 Nb6 33. g4 Nd5 34. Nb3 h5 35. Nh2 Re7 36. gxh5 gxh5 37. Nf3 Rf8 38. Rcc4 Ref7 39. e6 Rf6 40. Nc5 Re8 41. Ng5 Rf5 42. h4 Kf8 43. Nd7+ Ke7 44. Ne5 Rf6 45. Kh2 Bxe6 46. f5 Bxf5 47. Nxc6+ Kd7 48. Ne5+ Kd8 49. Nef7+ Kd7 50. Ne5+ Ke7 51. Nc6+ Kf8 52. Rxe8+ Kxe8 53. Ne5 Rb6 54. Kg3 Rb1 55. Rd4 Rb5 56. Rd2 Ke7 57. a4 Rc5 58. Re2 Rc3+ 59. Kf2 Kd6 60. Nef7+ Kc5 61. Re5 Rc2+ 62. Kg3 g6 63. a5 Rc3+ 64. Kf2 Rc4 65. Nd8 Rb4 66. Kf3 Kd4 67. Ngf7 Rb3+ 68. Kf2 Nf4 69. Re7 Be4 70. Rd7+ Bd5 71. Ng5 Nd3+ 72. Kf1 Rb1+ 73. Ke2 Rb2+ 74. Kf1 Ke3 75. Re7+ Kf4 76. Nde6+ Kg3 77. Rd7 Bg2+ 0-1

[Event "Cheliabinsk Panchenko Memorial op-A"]
[Site "Cheliabinsk"]
[Date "2022.09.13"]
[Round "2"]
[White "Amirdzhanyan, Vladimir"]
[Black "Harutjunyan, Gevorg"]
[Result "0-1"]
[WhiteElo "2113"]
[BlackElo "2404"]
[PlyCount "80"]
[EventDate "2022.09.12"]
[EventType "swiss"]
[EventRounds "10"]
[EventCountry "RUS"]
[SourceTitle "CBM 210 Extra"]
[Source "ChessBase"]
[SourceDate "2022.11.30"]
[SourceVersion "1"]
[SourceVersionDate "2022.11.30"]
[SourceQuality "1"]

1. d4 Nf6 2. c4 d6 3. Nf3 Nbd7 4. Nc3 e5 5. g3 g6 6. Bg2 Bg7 7. 0-0 0-0 8. e4 c6 9. Re1 Qb6 10. h3 exd4 11. Nxd4 Re8 12. Nc2 Qc7 13. Be3 b6 14. Qe2 Bb7 15. Rad1 a6 16. Qd2 Bf8 17. Bh6 Be7 18. Ne3 Ne5 19. f4 Ned7 20. g4 Rad8 21. Bf3 Nf8 22. Qg2 Kh8 23. g5 Ng8 24. Ng4 Ne6 25. b4 Nxh6 26. gxh6 Nxf4 27. Qb2 f6 28. Ne2 Nxe2+ 29. Bxe2 d5 30. e5 d4 31. Rxd4 Rxd4 32. Qxd4 Bxb4 33. Nxf6 Bc5 34. Qxc5 bxc5 35. Nxe8 Qxe5 36. Ng7 Qg3+ 37. Kf1 Qxh3+ 38. Kf2 Qh4+ 39. Kf1 Qxh6 40. Bf3 Qf4 0-1